000 00705nam a2200241Ia 4500
003 OSt
005 20220918200401.0
006 a|||||r|||| 00| 0
007 ta
008 220917b |||||||| |||| 00| 0 eng d
024 _a88,557
037 _cTextual
040 _aARTS
_cARTS
_beng
041 _2eng
_aeng
082 _aT4, K0 (EV)
100 _aDucret B.
_993878
245 0 _aUniversity today
_b its role and place in society ; an international study
260 _aGeneva
_bWorld University Service
_c1960
650 _aCOLLEGES AND UNIVERSITIES
700 _a Rafe-uz-Zaman
_993879
942 _hT4, K0 (EV)
_cTEXL
_2CC
999 _c212245
_d212245